La Responsabilidad internacional del Estado por violación de derechos humanos /

Đã lưu trong:
Chi tiết về thư mục
Tác giả chính: Aguilar A, Asdrúbal
Định dạng: Texto
Những chủ đề:
Các nhãn: Thêm thẻ
Không có thẻ, Là người đầu tiên thẻ bản ghi này!

MARC

LEADER 00000 a a2200000 04500
001 16356
003
040
100 |a Aguilar A, Asdrúbal  
245 |a La Responsabilidad internacional del Estado por violación de derechos humanos /  |c Asdrúbal Aguilar A 
650 |a DERECHOS HUMANOS  
650 |a ESTADO  
650 |a RESPONSABILIDADES DE LOS ESTADOS  
650 |a DERECHO INTERNACIONAL  
650 |a CONVENIOS  
773 |g número 17; páginas 9-46  
999 |c 31932  |d 31932